La minerí­a del hambre; Condoto y la Chocó Pací­fico (Record no. 17625)

MARC details
000 -LEADER
campo de control de longitud fija 00331nam a2200121Ia 4500
008 - DATOS DE LONGITUD FIJA--INFORMACIÓN GENERAL
campo de control de longitud fija 231129s1971||||xx |||||||||||||| ||spa||
082 ## - NÚMERO DE LA CLASIFICACIÓN DECIMAL DEWEY
Número de clasificación HAJ- 0472
100 ## - ENTRADA PRINCIPAL--NOMBRE DE PERSONA
Nombre de persona Escalante Aquiles
245 #0 - MENCIÓN DEL TÍTULO
Título La minerí­a del hambre; Condoto y la Chocó Pací­fico
260 ## - PUBLICACIÓN, DISTRIBUCIÓN, ETC.
Fecha de publicación, distribución, etc. 1971
264 ## - PRODUCCIÓN, PUBLICACIÓN, DISTRIBUCIÓN, FABRICACIÓN Y COPYRIGHT
Producción, publicación, distribución, fabricación y copyright Barranquilla: Dovel 1971
942 ## - ELEMENTOS DE ENTRADA SECUNDARIOS (KOHA)
Fuente del sistema de clasificación o colocación Clasificación Decimal Dewey
Tipo de ítem Koha
Holdings
Estatus retirado Estado de pérdida Fuente del sistema de clasificación o colocación Estado de daño No para préstamo Biblioteca de origen Biblioteca actual Fecha de adquisición Total de préstamos Signatura topográfica completa Código de barras Visto por última vez Copia número Precio de reemplazo Tipo de ítem Koha
    Clasificación Decimal Dewey     BIBLIOTECA PÚBLICA MUNICIPAL RAMON CORREA MEJIA BIBLIOTECA PÚBLICA MUNICIPAL RAMON CORREA MEJIA 01/08/2016   HAJ- 0472 HAJ-0472 29/11/2023 1 29/11/2023 Libros

Powered by Koha